Elenca la formazione - Quiz n°169 - Statistics

Statistiche generali
  • Questo quiz è stato fatto 29 volte
  • Il punteggio medio è 7 su 11
Statistiche sulle risposte
Ruolo Nazione Calciatore % Corretto
Attaccante Polonia Robert Lewandowski
100%
Difensore Germania Mats Hummels
91%
Centrocampista Germania İlkay Gündoğan
78%
Trequartista Giappone Shinji Kagawa
78%
Difensore Polonia Łukasz Piszczek
74%
Difensore Serbia Neven Subotić
74%
Difensore Germania Marcel Schmelzer
65%
Ala Polonia Jakub Błaszczykowski
57%
Portiere Germania Roman Weidenfeller
57%
Ala Germania Kevin Großkreutz
39%
Centrocampista Germania Sebastian Kehl
26%
Nessun quiz corrispondente trovato
Distribuzione punteggi
Percentuale di utenti per punteggio
Percentile per numero di risposta
I tuoi punteggi nel tempo
Non hai fatto questo quiz